{"text_format":"3","workbook":"xls","n_sheets":4,"sheets":["总合计","YYaudio方案","JBL方案","KDLK方案"],"not_rendered":{"charts":1,"images":51,"external_links":2,"defined_names":1},"read":"whole","date_system":"1900","formulas":"cached_only"}

{"sheet":"总合计","index":0,"n_rows":28,"n_cols":10,"rows_kept":28,"merged":[[0,0,0,10],[3,2,3,5],[4,2,4,5],[5,2,5,5],[6,2,6,5],[7,2,7,5],[8,2,8,5],[9,2,9,5],[10,2,10,5],[11,2,11,5],[12,2,12,5],[13,2,13,5],[14,0,14,1],[14,2,14,4],[15,0,15,1],[15,2,15,4],[16,0,16,10],[17,0,17,10],[18,0,18,10],[19,0,19,10],[20,0,20,10],[21,0,21,10],[22,5,22,8],[24,5,24,7]],"flags":["formulas_cached_only"]}
["包头第一工人文化宫音视频报价"]
["呈送",{"$nulls":6},"日期：2014.8.20"]
["计划","中国音响采购中心",{"$nulls":3},"联系人：沈彩霞  18501635998",{"$nulls":3},"www.audiopcc.com"]
["NO.","ENGINEERING ITEM","AMOUNT"]
["序号","工 程 项 目","金 额"]
["一","YYaudio方案一",{"v":319637,"d":"￥319,637.00"}]
["二","JBL 方案二",{"v":0,"d":"￥0.00"}]
["三","KDLK 方案三",{"v":239337,"d":"￥239,337.00"}]
["四","设备总计",{"v":0,"d":"￥0.00"}]
["五","安装调试费10%",{"v":0,"d":"￥0.00"}]
["六","设计费3%",{"v":0,"d":"￥0.00"}]
["七","差旅费3%",{"v":0,"d":"￥0.00"}]
["八","增值税9%",{"v":0,"d":"￥0.00"}]
["九","以上合计",{"v":0,"d":"￥0.00"}]
["TOTAL（RMB）",null,{"v":0,"d":"￥0.00"},null,null,"圆整"]
["累计金额（人民币）",null,0,null,null,"圆整"]
["一、付款方式：付清全款发货。                                                                                                                                 "]
["二、设备维护：质保期1年，终身维护，质保期之后乙方只收取维修成本费。"]
["三、货期：所有设备5天内发货。                                                                                           "]
["四、备注：乙方不负责音响、灯光设备的布线、安装及调试工作，如需乙方解决安装调试问题需按照以上要求另行付费。     "]
["五、乙方保证设备为100%正品行货，三包齐全，未拆封。"]
["六、收货地址：          收货人：                  联系电话："]
["甲方：",{"$nulls":4},"乙方：上海雍阳电子科技有限公司"]
["联系电话：",{"$nulls":4},"联系电话： 18501635998"]
["联系人：",{"$nulls":4},"联系人：沈彩霞 "]
["法人或受权人签字盖章：",{"$nulls":4},"法人或受权人签字盖章："]
["日期   年    月   日",{"$nulls":4},"日期：2014 年 8月 20 日"]
["此报价3天内有效，3天后另行报价。"]

{"sheet":"YYaudio方案","index":1,"n_rows":34,"n_cols":12,"rows_kept":34,"merged":[[0,3,0,4],[0,6,0,8],[1,3,1,4],[1,6,1,8],[2,0,2,10],[21,0,21,8],[25,0,25,9],[33,0,33,4]],"flags":["formulas_cached_only"]}
[null,"工程：",{"$nulls":3},"日期：","2014.8.20"]
[null,"项目：",null,"包头市第一工人文化宫",null,"币种：","人民币"]
["包头市第一工人文化宫主楼音响设备"]
["序号","设备名称","品牌","型号","技术参数","国别","单位","数量","单价","小计","类似图样","备注"]
["一、音响及功放部分"]
[1,"线阵音响","YY audio","LA6312II","频率响应   50Hz-18kHz\n单元组成   2×12\"(300mm)/3\" voice coil LF\n2×6.5\"(165mm)/2\"voice coil MF\n2×1\"(25mm)/ 1.7\"voice coil HF\n额定功率   800W RMS,3200W peak\n灵敏度   102dB/1watt/1 metre\n声压级   131 dB continuous,137 dB peak\n额定阻抗   8 ohms nominal\n指向性   Horizontal coverage：100°\nVaries, depending on array length and configuration\n分频点   800Hz, 2.2kHz passive\n\n输入方式   2×Speakon NL8\n\n包装尺寸   1160mm×600mm×620mm(Flight case/pc) 662mm×497mm×1210mm\n\n净重   61.5 kg/pc\n","中国","只",8,17479,139832,null,"进口b&c单元"]
[2,"超低音音响","YY audio","YPR218B","频率响应范围：35HZ-150HZ；单元组成：2X18\"(460mm)/4(100mm)；额定功率：1200W RMS,4800Wpeak；灵敏度：102db/1watt/1metre；声压级：132db continuous;138db peak;额定阻抗：4 ohms nominal;","中国","只",4,6879,27516,null,"进口b&c单元"]
[3,"返听音响","YY audio","YPR15","频率响应   40Hz-18kHz\n单元组成   1×15\"(385mm)/3\" voice coil LF\n1×1\"(25mm)/1.7\" voice coil HF\n额定功率   400W RMS,1600W peak\n灵敏度   98dB 1watt/1 metre\n声压级   124dB continuous,130dB peak\n额定阻抗   8 ohms nominal\n指向性   80°x 50°\n分频点   2.2kHz passive\n输入方式   2×Speakon NL4\n包装尺寸   560mm×525mm×800mm\n净重   29.4 kg/pc","中国","只",4,3334,13336,null,"进口b&c单元"]
[4,"线阵功放","YY audio","YA13.4","立体声功率 8Ω:   4×1300W\n立体声功率 4Ω:   4×1950W\n桥接功率 8Ω:   2×3900W\n信噪比   ≥98dB\n转换率:   15V/μS\n阻尼系数:   >300 Nominal operating condition 1KHz/8Ω\n频响:   ±1dB Nominal operating condition 20Hz-20KHz\n总谐波失声:   ≤0.03% Nominal operating condition 1kHz/8Ω\n互调失声:   ≤0.1Nominal operating condition 60Hz/7kHz 4:\n输入灵敏度   0.77V\n输入阻抗   20kΩ/Balancde,10kΩ/un-Balanced\n分离度   62dB Rated Out 1kHz/8Ω\nLED指示   Protect,Clip,Signal,Bridge,Stereo,Parallel,Power\n保护功能   Soft Start,Short Circuit,Limiter,DC Fault,AC Line Fuse,Thermal Cut\n散热系统   Two steps speed fan\n电源   AC:220-230V 50Hz\n重量   10.5kg\n尺寸   482×398×88mm","中国","台",2,7240,14480]
[5,"超低音功放","YY audio","YA2600","立体声功率 8Ω:   2×1300W\n立体声功率 4Ω:   2×1820W\n桥接功率 8Ω:   3600W\n信噪比   ≥98dB\n转换率:   15V/μS\n阻尼系数:   >230 Nominal operating condition 1KHz/8Ω\n频响:   ±1dB Nominal operating condition 20Hz-20KHz\n总谐波失声:   ≤0.03% Nominal operating condition 1kHz/8Ω\n互调失声:   ≤0.1Nominal operating condition 60Hz/7kHz 4:1\n输入灵敏度   0.77V\n输入阻抗   20kΩ/Balancde,10kΩ/un-Balanced\n分离度   62dB Rated Out 1kHz/8Ω\nLED指示   Protect,Clip,Signal,Bridge,Stereo,Parallel,Power\n保护功能   Soft Start,Short Circuit,Limiter,DC Fault,AC Line Fuse,Thermal Cut\n散热系统   Two steps speed fan\n电源   AC:220-230V 50Hz/60Hz\n重量   34Kg\n尺寸   482x460.5×132mm\n","中国","台",2,4004,8008]
[6,"返听功放","YY audio","YA1100","立体声功率 8Ω:   2×550W\n立体声功率 4Ω:   2×840W\n桥接功率 8Ω:   1680W\n信噪比   ≥98dB\n转换率:   15V/μS\n阻尼系数:   >230 Nominal operating condition 1KHz/8Ω\n频响:   ±1dB Nominal operating condition 20Hz-20KHz\n总谐波失声:   ≤0.03% Nominal operating condition 1kHz/8Ω\n互调失声:   ≤0.1Nominal operating condition 60Hz/7kHz 4:1\n输入灵敏度   0.77V\n输入阻抗   20kΩ/Balancde,10kΩ/un-Balanced\n分离度   62dB Rated Out 1kHz/8Ω\nLED指示   Protect,Clip,Signal,Bridge,Stereo,Parallel,Power\n保护功能   Soft Start,Short Circuit,Limiter,DC Fault,AC Line Fuse,Thermal Cut\n散热系统   Two steps speed fan\n电源   AC:220-230V 50Hz/60Hz\n重量   17Kg\n尺寸   482x460.5×88 mm","中国","台",2,1864,3728]
[7,"手持话筒","SHURE","BLX24/SM58","配有SM58心形话筒手持式无线发射机的BLX无线系统,不想为演出过度操心的表演者必备的完美系统","美国","套",8,2720,21760]
[8,"电容话筒","AKG","C4000B","指向性：可在心型、超心型及全指向之间进行切换、频响范围：20-20,000Hz、灵敏度：25mV/Pa(-32 dBV)、信/噪比：86dB、阻抗：200Ω、最大声压级：145/155dB(THD=0.5%)","澳地利","套",5,3220,16100]
[9,"会议话筒","SHURE","MX412D/C","12英寸心形鹅颈话筒，含连体式桌面底座与线缆","美国","套",8,1633,13064]
[10,"会议混音器","SHURE","vSCM810E","带Intelli Mix的8通道自动混音器","美国","台",1,8970,8970]
[11,"调音台","ALLEN&HEATH","GGL2400/424","24路单声道,2组立体声,4编组,立体声+单声道输出","英国","台",1,14600,14600]
[12,"数字音频处理器","dbx","DriveRack PA+ ","2*6数字控制和信号处理器(可配合RTA-M测试话筒作现场粉红噪声实时频谱分析)","中国","台",3,3197,9591]
[13,"效果器","YAMAHA","REV100","双通道专业数码混响器,内置99种预制效果","中国","台",1,1610,1610]
[14,"均衡器","dbx","231S  ","2*31段 均衡器,2U机，银色面板","美国","台",1,1702,1702]
[15,"反馈抑制器","dbx","AFS224","反馈抑制器,双通道,2*24滤波器","美国","台",1,4050,4050]
[16,"电源时序器","YYAUDIO","NPW80时序电源","8路时序电源（每通道提供高达10安培电源）\n控制电路采用高可靠性和数字化设计，高电流继电器的输出级和低功耗\n1U和标准万用AC电源插座，可以非常方便使用\n具有开关机锁并配备用户钥匙，管理方便\n面板具有紧急关闭开关，安全方便","中国","台",2,1650,3300]
["合计",{"$nulls":8},301647]
["二、音源及点歌服务"]
[1,"DVD","PIONEER","BDP-3110   ","可播放蓝光光盘区域码：C区，DTS与DOLBY DIGITAL(杜比)音频解码，HDMI1.4端口，USB2.0多媒体播放，复合视频输出，同轴音频输出，2声道音频输出，LAN端口","日本","台",1,730,730]
[null,"合计",{"$nulls":7},730]
["三、设备辅助材料"]
[1,"机柜",null,null,"2M","中国",2,"台",1780,3560]
[2,"音箱线",{"$nulls":3},"中国",5,"卷",500,2500]
[3,"音频线",{"$nulls":3},"中国",4,"卷",400,1600]
[4,"高杆话筒架",null,null,"人声话筒支架，折叠式支架腿，立杆二节，具有可延展的二节臂","定制",8,"套",200,1600]
[5,"线阵音响吊架",null,null,"定制","定制",2,"套",1500,3000]
[6,"辅材",{"$nulls":3},"中国",1,"批",5000,5000]
[7,"合计",{"$nulls":7},17260]
["四、设备总计",{"$nulls":8},319637]

{"sheet":"JBL方案","index":2,"n_rows":32,"n_cols":12,"rows_kept":32,"merged":[[0,0,0,10],[23,0,23,9],[31,0,31,4]],"flags":["formulas_cached_only"]}
["包头市第一工人文化宫主楼音响设备"]
["序号","设备名称","品牌","型号","技术参数","国别","单位","数量","单价","小计","类似图样","备注"]
["一、音响及功放部分"]
[1,"主音响","JBL ","STX825","双15“扬声器的2400瓦RMS额定功率，4欧姆 出色的低频率响应32Hz-250Hz的 最大声压级的135分贝，灵敏度为98分贝（1W/1M） DURAFLEX外壳表面保护柜 14号钢格栅保护低音单元 全量程或双功放操作 多层桦木/杨木建设令人难以置信的力量 规格： 电源配置范围/双功放 低频驱动器尺寸2×15吋 高频驱动器尺寸4吋 额定功率 2400W 峰值功率容量 4800W 阻抗：4欧姆 频率范围：34Hz-20KHZ（-10dB）时，42Hz-19kHz的（+ /-3DB） 分频点TBD 最大峰值声压级98分贝（1W/1M），135分贝的峰值声压级 水平覆盖角度90度 垂直覆盖角度50度 外壳材料多层桦木/杨木 安装选项 吊装 输入2 x的Speakon 输出无输出 高度42吋 宽度22.4吋 深度22.6吋 体重112磅。","美国","只",4]
[2,"超低音音响","JBL ","STX828S","双18“无源低音炮 4000瓦RMS功率处理 32Hz-250Hz的频率范围 DURAFLEX覆盖，多层桦木/杨木建设 14号钢格栅 压铸金属处理 最大峰值声压级：138分贝 规格： 电源配置单声道功放 低频驱动器尺寸2×18吋 不提供功率放大器 额定功率（计划）4000W 峰值功率容量8000W 阻抗：4欧姆 频率范围：32Hz-250Hz的（-10dB）时，频率为45Hz-120Hz的（+ /-3DB） 分频点TBD 最大峰值声压级99分贝（1W/1M），138分贝的峰值声压级 外壳材料多层桦木/杨木 仅安装选项 吊装 输入2 x的Speakon 高度22.2吋 宽度44.8吋 深度27.9吋 体重180磅。","中国","只",4]
[3,"返听音响","JBL ","STX815M","5“被动监听扬声器1200瓦RMS额定功率在8欧姆 高频分散为70×70度，显示器或侧填充应用的理想选择 最大声压级的130分贝，的灵敏度是96分贝（1W/1M） 专为地板显示器使用，或作为一极的喇叭 DURAFLEX外壳表面保护柜 14号钢格栅保护的驱动程序 全范围或双功放操作 规格： 电源配置范围/双功放 低频驱动器尺寸15吋 高频驱动器尺寸3吋 额定功率 1200W 峰值功率容量 2400W 阻抗8欧姆 频率范围：41Hz-20KHZ（-10dB）时，55HZ-20KHZ（+ /-3DB） 分频点TBD 最大峰值声压级96分贝（1W/1M），130分贝的峰值声压级 水平覆盖角度70度 垂直覆盖角度70度 外壳材料多层桦木/胶合板 安装选项 吊装，立杆 输入2 x的Speakon 输出无输出 高度28.4吋 宽度17.2吋 深度13吋 重量53磅。","美国","只",4]
[4,"主功放","YYAUDIO","XTi4000  ","2*650W 8欧，2*1200W 4欧，1*3200W 4欧，内置数字处理","美国","台",4]
[5,"超低音功放","YYAUDIO","XTi6000  ","2*1200W 8欧，2*2100W 4欧，1*6000W 4欧，内置数字处理","美国","台",4]
[6,"返听功放","YYAUDIO","XTi6000  ","2*1200W 8欧，2*2100W 4欧，1*6000W 4欧，内置数字处理","美国","台",2]
[7,"手持话筒","SHURE","BLX24/SM58","配有SM58心形话筒手持式无线发射机的BLX无线系统,不想为演出过度操心的表演者必备的完美系统","美国","套",8]
[8,"电容话筒","AKG","C4000B","指向性：可在心型、超心型及全指向之间进行切换、频响范围：20-20,000Hz、灵敏度：25mV/Pa(-32 dBV)、信/噪比：86dB、阻抗：200Ω、最大声压级：145/155dB(THD=0.5%)","澳地利","套",5]
[9,"会议话筒","SHURE","MX412D/C","12英寸心形鹅颈话筒，含连体式桌面底座与线缆","美国","套",8]
[10,"会议混音器","SHURE","vSCM810E","带Intelli Mix的8通道自动混音器","美国","台",1]
[11,"调音台","ALLEN&HEATH","GGL2400/424","24路单声道,2组立体声,4编组,立体声+单声道输出","英国","台",1]
[12,"数字音频处理器","dbx","DriveRack PA+ ","2*6数字控制和信号处理器(可配合RTA-M测试话筒作现场粉红噪声实时频谱分析)","中国","台",1]
[13,"效果器","YAMAHA","REV100","双通道专业数码混响器,内置99种预制效果","中国","台",1]
[14,"均衡器","dbx","231S  ","2*31段 均衡器,2U机，银色面板","美国","台",1]
[15,"反馈抑制器","dbx","AFS224","反馈抑制器,双通道,2*24滤波器","美国","台",1]
[16,"电源时序器","YYAUDIO","NPW80时序电源","8路时序电源（每通道提供高达10安培电源）\n控制电路采用高可靠性和数字化设计，高电流继电器的输出级和低功耗\n1U和标准万用AC电源插座，可以非常方便使用\n具有开关机锁并配备用户钥匙，管理方便\n面板具有紧急关闭开关，安全方便","中国","台",2]
[16,"合计"]
["二、音源设备"]
[1,"DVD","PIONEER","BDP-3110   ","可播放蓝光光盘区域码：C区，DTS与DOLBY DIGITAL(杜比)音频解码，HDMI1.4端口，USB2.0多媒体播放，复合视频输出，同轴音频输出，2声道音频输出，LAN端口","日本","台",1]
[null,"合计",{"$nulls":7},0]
["三、设备辅助材料"]
[1,"机柜",null,null,"2M","中国",2,"台"]
[2,"音箱线",{"$nulls":3},"中国",5,"卷"]
[3,"音频线",{"$nulls":3},"中国",4,"卷"]
[4,"高杆话筒架",null,null,"人声话筒支架，折叠式支架腿，立杆二节，具有可延展的二节臂","定制",8,"套"]
[5,"线阵音响吊架",null,null,"定制","定制",2,"套"]
[6,"辅材",{"$nulls":3},"中国",1,"批"]
[7,"合计"]
["四、设备总计",{"$nulls":8},0]

{"sheet":"KDLK方案","index":3,"n_rows":34,"n_cols":12,"rows_kept":34,"merged":[[0,3,0,4],[0,6,0,8],[1,3,1,4],[1,6,1,8],[2,0,2,10],[25,0,25,9],[33,0,33,4]],"flags":["formulas_cached_only"]}
[null,"工程：",{"$nulls":3},"日期：","2014.8.20"]
[null,"项目：",null,"包头市第一工人文化宫",null,"币种：","人民币"]
["包头市第一工人文化宫主楼音响设备"]
["序号","设备名称","品牌","型号","技术参数","国别","单位","数量","单价","小计","类似图样","备注"]
["一、音响及功放部分"]
[1,"线阵音响","KDLK","KA6312II","频率响应   50Hz-18kHz\n单元组成   2×12\"(300mm)/3\" voice coil LF\n2×6.5\"(165mm)/2\"voice coil MF\n2×1\"(25mm)/ 1.7\"voice coil HF\n额定功率   800W RMS,3200W peak\n灵敏度   102dB/1watt/1 metre\n声压级   131 dB continuous,137 dB peak\n额定阻抗   8 ohms nominal\n指向性   Horizontal coverage：100°\nVaries, depending on array length and configuration\n分频点   800Hz, 2.2kHz passive\n\n输入方式   2×Speakon NL8\n\n包装尺寸   1160mm×600mm×620mm(Flight case/pc) 662mm×497mm×1210mm\n\n净重   61.5 kg/pc\n","中国","只",8,9711,77688]
[2,"超低音音响","KDLK","KPR218B","频率响应范围：35HZ-150HZ；单元组成：2X18\"(460mm)/4(100mm)；额定功率：1200W RMS,4800Wpeak；灵敏度：102db/1watt/1metre；声压级：132db continuous;138db peak;额定阻抗：4 ohms nominal;","中国","只",4,3822,15288]
[3,"返听音响","KDLK","KPR15","频率响应   40Hz-18kHz\n单元组成   1×15\"(385mm)/3\" voice coil LF\n1×1\"(25mm)/1.7\" voice coil HF\n额定功率   400W RMS,1600W peak\n灵敏度   98dB 1watt/1 metre\n声压级   124dB continuous,130dB peak\n额定阻抗   8 ohms nominal\n指向性   80°x 50°\n分频点   2.2kHz passive\n输入方式   2×Speakon NL4\n包装尺寸   560mm×525mm×800mm\n净重   29.4 kg/pc","中国","只",4,1852,7408]
[4,"线阵功放","KDLK","KA13.4","立体声功率 8Ω:   4×1300W\n立体声功率 4Ω:   4×1950W\n桥接功率 8Ω:   2×3900W\n信噪比   ≥98dB\n转换率:   15V/μS\n阻尼系数:   >300 Nominal operating condition 1KHz/8Ω\n频响:   ±1dB Nominal operating condition 20Hz-20KHz\n总谐波失声:   ≤0.03% Nominal operating condition 1kHz/8Ω\n互调失声:   ≤0.1Nominal operating condition 60Hz/7kHz 4:\n输入灵敏度   0.77V\n输入阻抗   20kΩ/Balancde,10kΩ/un-Balanced\n分离度   62dB Rated Out 1kHz/8Ω\nLED指示   Protect,Clip,Signal,Bridge,Stereo,Parallel,Power\n保护功能   Soft Start,Short Circuit,Limiter,DC Fault,AC Line Fuse,Thermal Cut\n散热系统   Two steps speed fan\n电源   AC:220-230V 50Hz\n重量   10.5kg\n尺寸   482×398×88mm","中国","台",2,7240,14480]
[5,"超低音功放","KDLK","KA2600","立体声功率 8Ω:   2×1300W\n立体声功率 4Ω:   2×1820W\n桥接功率 8Ω:   3600W\n信噪比   ≥98dB\n转换率:   15V/μS\n阻尼系数:   >230 Nominal operating condition 1KHz/8Ω\n频响:   ±1dB Nominal operating condition 20Hz-20KHz\n总谐波失声:   ≤0.03% Nominal operating condition 1kHz/8Ω\n互调失声:   ≤0.1Nominal operating condition 60Hz/7kHz 4:1\n输入灵敏度   0.77V\n输入阻抗   20kΩ/Balancde,10kΩ/un-Balanced\n分离度   62dB Rated Out 1kHz/8Ω\nLED指示   Protect,Clip,Signal,Bridge,Stereo,Parallel,Power\n保护功能   Soft Start,Short Circuit,Limiter,DC Fault,AC Line Fuse,Thermal Cut\n散热系统   Two steps speed fan\n电源   AC:220-230V 50Hz/60Hz\n重量   34Kg\n尺寸   482x460.5×132mm\n","中国","台",2,4004,8008]
[6,"返听功放","KDLK","KA1100","立体声功率 8Ω:   2×550W\n立体声功率 4Ω:   2×840W\n桥接功率 8Ω:   1680W\n信噪比   ≥98dB\n转换率:   15V/μS\n阻尼系数:   >230 Nominal operating condition 1KHz/8Ω\n频响:   ±1dB Nominal operating condition 20Hz-20KHz\n总谐波失声:   ≤0.03% Nominal operating condition 1kHz/8Ω\n互调失声:   ≤0.1Nominal operating condition 60Hz/7kHz 4:1\n输入灵敏度   0.77V\n输入阻抗   20kΩ/Balancde,10kΩ/un-Balanced\n分离度   62dB Rated Out 1kHz/8Ω\nLED指示   Protect,Clip,Signal,Bridge,Stereo,Parallel,Power\n保护功能   Soft Start,Short Circuit,Limiter,DC Fault,AC Line Fuse,Thermal Cut\n散热系统   Two steps speed fan\n电源   AC:220-230V 50Hz/60Hz\n重量   17Kg\n尺寸   482x460.5×88 mm","中国","台",2,1864,3728]
[7,"手持话筒","SHURE","BLX24/SM58","配有SM58心形话筒手持式无线发射机的BLX无线系统,不想为演出过度操心的表演者必备的完美系统","美国","套",8,2720,21760]
[8,"电容话筒","AKG","C4000B","指向性：可在心型、超心型及全指向之间进行切换、频响范围：20-20,000Hz、灵敏度：25mV/Pa(-32 dBV)、信/噪比：86dB、阻抗：200Ω、最大声压级：145/155dB(THD=0.5%)","澳地利","套",5,3220,16100]
[9,"会议话筒","SHURE","MX412D/C","12英寸心形鹅颈话筒，含连体式桌面底座与线缆","美国","套",8,1633,13064]
[10,"会议混音器","SHURE","vSCM810E","带Intelli Mix的8通道自动混音器","美国","台",1,8970,8970]
[11,"调音台","ALLEN&HEATH","GGL2400/424","24路单声道,2组立体声,4编组,立体声+单声道输出","英国","台",1,14600,14600]
[12,"数字音频处理器","dbx","DriveRack PA+ ","2*6数字控制和信号处理器(可配合RTA-M测试话筒作现场粉红噪声实时频谱分析)","中国","台",3,3197,9591]
[13,"效果器","YAMAHA","REV100","双通道专业数码混响器,内置99种预制效果","中国","台",1,1610,1610]
[14,"均衡器","dbx","231S  ","2*31段 均衡器,2U机，银色面板","美国","台",1,1702,1702]
[15,"反馈抑制器","dbx","AFS224","反馈抑制器,双通道,2*24滤波器","美国","台",1,4050,4050]
[16,"电源时序器","YYAUDIO","NPW80时序电源","8路时序电源（每通道提供高达10安培电源）\n控制电路采用高可靠性和数字化设计，高电流继电器的输出级和低功耗\n1U和标准万用AC电源插座，可以非常方便使用\n具有开关机锁并配备用户钥匙，管理方便\n面板具有紧急关闭开关，安全方便","中国","台",2,1650,3300]
[16,"合计",{"$nulls":7},221347]
["二、音源及点歌服务"]
[1,"DVD","PIONEER","BDP-3110   ","可播放蓝光光盘区域码：C区，DTS与DOLBY DIGITAL(杜比)音频解码，HDMI1.4端口，USB2.0多媒体播放，复合视频输出，同轴音频输出，2声道音频输出，LAN端口","日本","台",1,730,730]
[null,"合计",{"$nulls":7},730]
["三、设备辅助材料"]
[1,"机柜",null,null,"2M","中国",2,"台",1780,3560]
[2,"音箱线",{"$nulls":3},"中国",5,"卷",500,2500]
[3,"音频线",{"$nulls":3},"中国",4,"卷",400,1600]
[4,"高杆话筒架",null,null,"人声话筒支架，折叠式支架腿，立杆二节，具有可延展的二节臂","定制",8,"套",200,1600]
[5,"线阵音响吊架",null,null,"定制","定制",2,"套",1500,3000]
[6,"辅材",{"$nulls":3},"中国",1,"批",5000,5000]
[7,"合计",{"$nulls":7},17260]
["四、设备总计",{"$nulls":8},239337]